Pokémon - Les attaques de Lewsor - Statistiques

Statistiques générales
  • Ce quiz a été pris 17 fois
  • Le résultat moyen est 8 sur 13
Statistiques - réponses
Niveaux Types Noms des attaques % Correct
Départ Psy Choc Mental
100%
Niveau 60 Psy Psyko
100%
Niveau 18 Psy Rafale Psy
89%
Niveau 43 Normal Soin
78%
Niveau 36 Psy Psykoud'Boul
67%
Départ Normal Rugissement
67%
Niveau 24 Psy Partage Force
56%
Niveau 24 Psy Partage Garde
56%
Niveau 48 Psy Plénitude
44%
Niveau 6 Psy Possessif
44%
Niveau 12 Psy Téléport
44%
Niveau 54 Psy Zone Étrange
44%
Niveau 30 Normal Coup d'Boule
33%
Aucun quiz correspondant
Distribution des résultats
% des personnes avec chaque résultat
Percentile par nombre de réponses
Votre historique - résultats
Vous n’avez pas pris ce quiz